000 00304nam a22001337a 4500
008 180111b xxu||||| |||| 00| 0 eng d
020 _a9780138161903
041 _aeng
080 _a37
100 _a46
101 _aEDU
245 _aSound advantage a pronunciation book
_chagen,s.a
942 _2udc
_cBK
999 _c40075
_d40075